Pío XI entre la República y Franco. Angustia del Papa ante la tragedia española.

שמור ב:
מידע ביבליוגרפי
מחבר ראשי: Cárcel Ortí, Vicente (autor)
פורמט: ספר
שפה:אנגלית
יצא לאור: Madrid, España: Biblioteca de Autores Cristianos, 2008.
סדרה:Biblioteca de Autores Cristianos (BAC),
נושאים:
תגים: הוספת תג
אין תגיות, היה/י הראשונ/ה לתייג את הרשומה!

MARC

LEADER 00000nam a22000007a 4500
003 CL-VaPUC
005 20250103100420.0
008 230801t2008 ||||| |||| 00| 0 eng d
999 |c 441468  |d 441466 
020 |a 978-84-7914-928-4 
040 |c Pontificia Universidad Católica de Valparaíso 
082 |2 22  |a 261.7 CAR 2008 
100 |9 478428  |a Cárcel Ortí, Vicente  |e autor 
245 |a Pío XI entre la República y Franco.   |b Angustia del Papa ante la tragedia española. 
260 |a Madrid, España:  |b Biblioteca de Autores Cristianos,   |c 2008. 
300 |a LIII, 752 páginas.  
490 |a Biblioteca de Autores Cristianos (BAC),   |n  675. 
500 |a c.1 Donación Sr. Jorge Precht Pizarro. 26-05-23. Biblioteca Teología 
583 |c 20230801  |k Yessy Sthefany Diaz Vidal 
600 0 |9 883989  |a Pío XI, Papa,   |d 1857-1939  |x Iglesia y Estado   |x Aspectos políticos  
650 0 |a Guerra civil española  |y 1936-1939  |x Aspectos religiosos  |9 856364 
650 0 |a Iglesia Católica  |x Persecuciones religiosas   |y Siglo 20   |9 256114 
942 |2 ddc  |c BK 
952 |0 0  |1 0  |2 ddc  |4 0  |6 261_700000000000000_CAR_2008  |7 0  |8 A  |9 591055  |a BIBTEO  |b BIBTEO  |c GEN  |d 2023-08-01  |e Donación   |i 5658235  |o 261.7 CAR 2008  |p 5658235  |r 2025-01-17  |t 1  |w 2023-08-01  |y BK  |k ICR